|
|
|
|
| LEADER |
00000cam a2200000 7i4500 |
| 001 |
0000003301 |
| 005 |
20050822.0 |
| 020 |
0 |
0 |
|a 9292250116
|
| 090 |
0 |
0 |
|a 341.762
|b HAN
|
| 245 |
1 |
0 |
|a Handbook of the Convention on Biological Diversity :
|b including its Cartagena Protocol on Biosafety
|c [updated by the Secretariat of the Convention on Biological Diversity].
|
| 250 |
0 |
0 |
|a 3rd ed.
|
| 260 |
0 |
0 |
|a Montreal :
|b Secretariat of the Convention on Biological Diversity, ,
|c c2005.
|
| 300 |
|
|
|a xl, 1493 p. :
|b forms ;
|c 24 cm.
|
| 500 |
0 |
0 |
|a "Updated to include the outcomes of the 7th meeting of the Conference of the Parties to the Convention and the 1st meeting of the Conference of the Parties serving as the meeting of the Parties to the Cartagena Protocol on Biosafety."
|
| 650 |
0 |
0 |
|a Biological diversity conservation
|x Law and legislation.
|
| 710 |
2 |
1 |
|a Secretariat of the Convention on Biological Diversity
|
| 999 |
|
|
|a 0000006255
|b Monograph
|c Open Shelf
|e Default branch
|